Instant Eclipse 4 RCP development how-to (Record no. 1624)
[ view plain ]
| 000 -LEADER | |
|---|---|
| fixed length control field | 01448nam a2200325 a 4500 |
| 100 1# - MAIN ENTRY--AUTHOR NAME | |
| Personal name | Kulkarni, Ram. |
| 245 10 - TITLE STATEMENT | |
| Title | Instant Eclipse 4 RCP development how-to |
| 260 ## - PUBLICATION, DISTRIBUTION, ETC. (IMPRINT) | |
| Place of publication | Birmingham : |
| Name of publisher | Packt Pub., |
| Year of publication | 2013. |
| 300 ## - PHYSICAL DESCRIPTION | |
| Number of Pages | 55 p. : |
| Other physical details | ill. (some col.) |
| 500 ## - GENERAL NOTE | |
| General note | "Instant: short, fast, focused"--Cover. |
| 650 #0 - SUBJECT ADDED ENTRY--TOPICAL TERM | |
| Topical Term | Computer software |
| Topical Term | Java (Computer program language) |
| Topical Term | Application software |
| 856 40 - ELECTRONIC LOCATION AND ACCESS | |
| Uniform Resource Identifier | http://site.ebrary.com/lib/rucke/Doc?id=10714623 |
No items available.
